British painting / (Record no. 8123)
[ view plain ]
| 000 -LEADER | |
|---|---|
| fixed length control field | 00841cam a2200289 a 4500 |
| 001 - CONTROL NUMBER | |
| JCCL Control Number | 8123 |
| 003 - CONTROL NUMBER IDENTIFIER | |
| JCCL marc code | BD-JhCC |
| 005 - DATE AND TIME OF LATEST TRANSACTION | |
| control field | 20191214135144.0 |
| 008 - FIXED-LENGTH DATA ELEMENTS--GENERAL INFORMATION | |
| fixed length control field | 020607s1948 enk | |||| ||eng|d |
| 035 ## - SYSTEM CONTROL NUMBER | |
| system control number | (CStRLIN)CSUG2370816-B |
| 035 ## - SYSTEM CONTROL NUMBER | |
| system control number | (BD-JhCC)8123 |
| 035 ## - SYSTEM CONTROL NUMBER | |
| system control number | 1125749 |
| 040 ## - CATALOGING SOURCE | |
| Original cataloging agency | BD-JhCC |
| Modifying agency | BD-JhCC |
| 041 ## - LANGUAGE CODE | |
| Language code of Book | eng |
| 082 ## - DEWEY DECIMAL CLASSIFICATION NUMBER | |
| Author mark and Year | NEW 1948 |
| Classification number | 758 |
| 100 1# - MAIN ENTRY--PERSONAL NAME | |
| Personal name | Newton, Eric, |
| Dates associated with a name | 1893-1965. |
| 245 00 - TITLE STATEMENT | |
| Title | British painting / |
| Statement of responsibility, etc | by Eric Newton. |
| 250 ## - EDITION STATEMENT | |
| Edition statement | Rev. ed. |
| 260 ## - PUBLICATION, DISTRIBUTION, ETC. (IMPRINT) | |
| Place of publication, distribution, etc | London ; |
| -- | New York : |
| Name of publisher, distributor, etc | Published for the British Council by Longmans, Green, |
| Date of publication, distribution, etc | 1948. |
| 300 ## - PHYSICAL DESCRIPTION | |
| Pagination | 42p, [8] leaves of plates ; |
| Dimensions | 22cm. |
| 490 1# - SERIES STATEMENT | |
| Series statement | British life and thought ; |
| Volume number/sequential designation | no. 21 |
| 504 ## - BIBLIOGRAPHY, ETC. NOTE | |
| Bibliography, etc | Bibliography: p. 41-42. |
| 650 #0 - SUBJECT ADDED ENTRY--TOPICAL TERM | |
| Topical term or geographic name as entry element | Painting, British. |
| 830 #0 - SERIES ADDED ENTRY--UNIFORM TITLE | |
| Uniform title | British life and thought ; |
| Volume number/sequential designation | no. 21. |
| 942 ## - ADDED ENTRY ELEMENTS (KOHA) | |
| Source of classification or shelving scheme | Dewey Decimal Classification |
| Koha item type | Books |
| Source of classification or shelving scheme | Damaged status | Not for loan | Home library | Current library | Shelving location | Total Checkouts | Full call number | Barcode | Date last seen | Copy number | Koha item type |
|---|---|---|---|---|---|---|---|---|---|---|---|
| Dewey Decimal Classification | JCC Rouf Library | JCC Rouf Library | General Stacks | 758 NEW 1948 | 10626 | 02/18/2018 | C - 1 | Books |